Statystyki dla Historyczni sąsiedzi przygraniczni Finlandii na mapie

Kliknij tutaj aby rozwiązać quiz!

Ogólne statystyki

  • Ten quiz został rozwiązany 82 razy
  • Średni wynik to 5 z 6

Odpowiedzi na mapie

Odpowiedzi skodowane kolorowo w zielono-czerwonej skali na mapie do tego quizu, zgodnie z poniższymi procentami.
 

Statystyki odpowiedzi

W latachPaństwo% Poprawnych
1917-1940, 1945-Norwegia
100%
1991-Rosja
100%
1917-Szwecja
100%
1922-1991Związek Radziecki
97%
1940-1945Niemcy
83%
1917-1922Rosja Bolszewicka
64%

Rozkład punktacji

Percentyl według liczby udzielonych odpowiedzi

Procent ludzi z każdym wynikiem

Twoja historia wyników

Nie rozwiązałeś tego quizu